000 00442nam a2200205Ia 4500
001 12897
003 GE_BSU
008 181216s||||||||xx |||||||||||||| ||und||
020 _a0552994103
040 _cGE_BSU
080 _a821.111-32
100 _aTrollope,Joanna.
245 2 _aA Village Affair.
260 _aLondon.
260 _bBlack Swan.
260 _c1989
300 _a270p;20cm.
653 _aA Village Affair.
942 _cBK
999 _c46067
_d46067